Acción colectiva y sujetos sociales : (Registro nro. 4958)

Detalles MARC
000 -LEADER
fixed length control field 01397nam a2200253Ia 4500
003 - CONTROL NUMBER IDENTIFIER
control field OSt
005 - DATE AND TIME OF LATEST TRANSACTION
control field 20200414133218.0
008 - FIXED-LENGTH DATA ELEMENTS--GENERAL INFORMATION
fixed length control field 191128s2009 ck gr 000 0dspa d
020 ## - INTERNATIONAL STANDARD BOOK NUMBER
International Standard Book Number 9789587162820
040 ## - CATALOGING SOURCE
Original cataloging agency CO-JMCR
Transcribing agency CO-JMCR
041 0# - LANGUAGE CODE
Language code of text/sound track or separate title spa
082 04 - DEWEY DECIMAL CLASSIFICATION NUMBER
Classification number 302.14 /
Item number D243a
100 1# - MAIN ENTRY--PERSONAL NAME
Personal name Delgado Salazar, Ricardo,
Relator term autor
9 (RLIN) 3001
245 10 - TITLE STATEMENT
Title Acción colectiva y sujetos sociales :
Remainder of title análisis de los marcos de justificación ético-político de las organizaciones sociales de mujeres, jóvenes y trabajadores /
Statement of responsibility, etc. Ricardo Delgado Salazar
250 ## - EDITION STATEMENT
Edition statement Primera edición
260 ## - PUBLICATION, DISTRIBUTION, ETC.
Place of publication, distribution, etc. Bogotá :
Name of publisher, distributor, etc. Pontificia Universidad Javeriana,
Date of publication, distribution, etc. 2009
300 ## - PHYSICAL DESCRIPTION
Extent 230 páginas ;
Dimensions 24 cm.
500 ## - GENERAL NOTE
General note Incluye biografía del autor en solapa frontal bibliografía : paginas 223 - 228.
505 ## - FORMATTED CONTENTS NOTE
Formatted contents note Perspectivas teóricas de la acción colectiva -- Hacia una elaboración conceptual y metodológicas -- Marcos de injusticia -- Identidad colectiva -- Capacidad de agencia -- Los sentimientos morales y vínculos efectivos
520 ## - SUMMARY, ETC.
Summary, etc. El interés investigativo del presente estudio se orientó en el análisis de los marcos de acción colectiva, que construyen las organizaciones sociales de mujeres, jóvenenes y trabajadores en ciertos contextos urbanos y sociales en Colombia
650 14 - SUBJECT ADDED ENTRY--TOPICAL TERM
Topical term or geographic name entry element Acciones colectivas Mujeres
9 (RLIN) 3002
650 24 - SUBJECT ADDED ENTRY--TOPICAL TERM
Topical term or geographic name entry element Trabajadores Grupos sociales
9 (RLIN) 3003
942 ## - ADDED ENTRY ELEMENTS (KOHA)
Source of classification or shelving scheme Dewey Decimal Classification
Koha item type Books
Existencias
Withdrawn status Lost status Materials specified (bound volume or other part) Damaged status Not for loan Collection code Home library Current library Date acquired Total Checkouts Full call number Barcode Date last seen Copy number Price effective from Koha item type
    Donación--15/04/2018--       Biblioteca Pública José María del Castillo y Rada Biblioteca Pública José María del Castillo y Rada 11/28/2019   302 .14 D243a 430001066 05/16/2024 Ej.1 11/28/2019 Books